[Event "CZE-chT2D 1415"]
[Site "Czech Republic"]
[Date "2014.11.30"]
[Round "3.8"]
[White "Svub, Jan"]
[Black "Hubacek, Ondrej"]
[Result "1-0"]
[WhiteElo "1933"]
[BlackElo "2026"]
[PlyCount "105"]
[EventDate "2014.11.02"]
[EventType "team-tourn"]
[EventRounds "11"]
[EventCountry "CZE"]
[SourceTitle "EXT 2022"]
[Source "ChessBase"]
[SourceDate "2021.10.06"]
[SourceVersion "1"]
[SourceVersionDate "2021.10.06"]
[SourceQuality "1"]
[WhiteTeam "Usti nad Orlici"]
[BlackTeam "Lipa ZVU Engineering"]
[WhiteTeamCountry "CZE"]
[BlackTeamCountry "CZE"]

1. d4 Nf6 2. c4 e5 3. dxe5 Ng4 4. Bf4 Nc6 5. Nf3 Bb4+ 6. Nbd2 Qe7 7. e3 Ngxe5 8. Be2 0-0 9. 0-0 Bxd2 10. Qxd2 d6 11. Nd4 Bd7 12. b3 Ng6 13. Bg3 Nce5 14. Rad1 Ng4 15. Bf3 Bc8 16. Nb5 N6e5 17. Be2 h5 18. h3 h4 19. Bxe5 Nxe5 20. Nc3 Be6 21. Nd5 Qd8 22. Nf4 Bd7 23. Nd5 Bc6 24. Qd4 b6 25. f4 Nd7 26. Bf3 Rb8 27. Rde1 Ba8 28. e4 Re8 29. Re2 Re6 30. Bg4 Rh6 31. Bxd7 Qxd7 32. e5 Rd8 33. Rd1 Kf8 34. Ne3 Bc6 35. Red2 Qc8 36. f5 Re8 37. exd6 Rxd6 38. Qxh4 Rh6 39. Qg5 Rf6 40. Qh4 Kg8 41. Qg5 Kf8 42. Rd4 Be4 43. Qh4 Rh6 44. Qf4 Bc6 45. Ng4 Rh5 46. f6 g6 47. Qd2 Qe6 48. Rd8 Rh8 49. Re1 Qf5 50. Rexe8+ Bxe8 51. Qe3 Qe6 52. Qxe6 fxe6 53. Ne5 1-0

[Event "CZE-chT2D 1213"]
[Site "Czech Republic"]
[Date "2012.11.18"]
[Round "3.5"]
[White "Fiedler, Bedrich"]
[Black "Svub, Jan"]
[Result "1/2-1/2"]
[WhiteElo "2111"]
[BlackElo "1970"]
[PlyCount "53"]
[EventDate "2012.10.14"]
[EventType "team-tourn"]
[EventRounds "11"]
[EventCountry "CZE"]
[SourceTitle "EXT 2016"]
[Source "ChessBase"]
[SourceDate "2015.10.08"]
[SourceVersion "1"]
[SourceVersionDate "2015.10.08"]
[SourceQuality "1"]
[WhiteTeam "Vysoke Myto"]
[BlackTeam "Usti nad Orlici"]
[WhiteTeamCountry "CZE"]
[BlackTeamCountry "CZE"]

1. d4 Nf6 2. Nf3 b6 3. c4 e6 4. a3 Bb7 5. Nc3 Be7 6. d5 exd5 7. cxd5 0-0 8. e4 d6 9. Bd3 Nbd7 10. 0-0 Ne5 11. Bc2 c6 12. dxc6 Bxc6 13. Nd4 Bb7 14. f4 Ng6 15. Nf5 Rc8 16. Re1 a6 17. Qd4 d5 18. Nxe7+ Qxe7 19. e5 Rfd8 20. f5 Rc4 21. Qxb6 d4 22. Bg5 Rc6 23. Qb3 Nxe5 24. Nd5 Qd6 25. Qxb7 Qxd5 26. Bxf6 Rxf6 27. Qxd5 1/2-1/2

[Event "CZE-chT2D 1112"]
[Site "Czech Republic"]
[Date "2012.01.22"]
[Round "6.7"]
[White "Svub, Jan"]
[Black "Cesenek, Jiri"]
[Result "1-0"]
[WhiteElo "1980"]
[BlackElo "1923"]
[PlyCount "65"]
[EventDate "2011.10.09"]
[EventType "team-tourn"]
[EventRounds "11"]
[EventCountry "CZE"]
[SourceTitle "EXT 2013"]
[Source "ChessBase"]
[SourceDate "2012.11.22"]
[SourceVersion "1"]
[SourceVersionDate "2012.11.22"]
[SourceQuality "1"]
[WhiteTeam "Usti nad Orlici"]
[BlackTeam "Zajecice"]
[WhiteTeamCountry "CZE"]
[BlackTeamCountry "CZE"]

1. d4 Nf6 2. c4 e6 3. Nf3 d5 4. Nc3 Be7 5. Bf4 a6 6. c5 0-0 7. e3 b6 8. cxb6 cxb6 9. Bd3 Nc6 10. 0-0 Bb7 11. Rc1 Rc8 12. Qe2 b5 13. Ne5 Qb6 14. Bg5 Qd8 15. f4 Nd7 16. Qh5 f5 17. Bxe7 Qxe7 18. g4 Ncxe5 19. fxe5 g6 20. Qh3 Qg5 21. Rf4 h5 22. Qg3 hxg4 23. h3 Kg7 24. hxg4 Rh8 25. Kf2 Rh6 26. Rg1 Kf7 27. gxf5 Qxg3+ 28. Rxg3 exf5 29. Ke1 Rch8 30. Rf1 Rh3 31. e6+ Kxe6 32. Rxg6+ Ke7 33. Bxf5 1-0

[Event "CZE-chT2D 1011"]
[Site "Czech Republic"]
[Date "2011.02.06"]
[Round "7"]
[White "Petuchov, Sergej"]
[Black "Svub, Jan"]
[Result "1/2-1/2"]
[WhiteElo "2160"]
[BlackElo "2001"]
[PlyCount "121"]
[EventDate "2010.10.17"]
[EventType "team-tourn"]
[EventRounds "11"]
[EventCountry "CZE"]
[SourceTitle "EXT 2012"]
[Source "ChessBase"]
[SourceDate "2011.11.24"]
[SourceVersion "1"]
[SourceVersionDate "2011.11.24"]
[SourceQuality "1"]
[WhiteTeam "Pardubice AKIS"]
[BlackTeam "Usti nad Orlici"]
[WhiteTeamCountry "CZE"]
[BlackTeamCountry "CZE"]

1. e4 c5 2. Nf3 d6 3. Bb5+ Bd7 4. Bxd7+ Qxd7 5. 0-0 Nc6 6. c3 Nf6 7. Re1 e6 8. a3 Be7 9. b4 0-0 10. d4 cxd4 11. cxd4 d5 12. Ne5 Qc8 13. exd5 Nxd5 14. Bb2 Nxe5 15. dxe5 Rd8 16. Qb3 a5 17. Nc3 axb4 18. Nxd5 Rxd5 19. axb4 Rxa1 20. Rxa1 h6 21. h3 Qd7 22. Qc2 g6 23. Qc4 Rd1+ 24. Rxd1 Qxd1+ 25. Kh2 Qd7 26. Bd4 Qc6 27. Qxc6 bxc6 28. Bc3 Kf8 29. Kg3 Ke8 30. Kf4 Kd7 31. Ke4 Kc7 32. Kd3 Kb6 33. Kc4 h5 34. Bd4+ Kc7 35. g3 Kd7 36. f3 Bg5 37. Bc5 Bd2 38. Kd3 Be1 39. g4 Bh4 40. Ke4 Bg5 41. gxh5 gxh5 42. f4 f5+ 43. exf6 Bxf6 44. f5 Bg7 45. Bf2 Bc3 46. Bc5 Bb2 47. Kf4 Bc1+ 48. Ke5 Bb2+ 49. Bd4 Bxd4+ 50. Kxd4 exf5 51. Ke5 Kc7 52. Kxf5 Kb6 53. Kg5 Kb5 54. Kxh5 Kxb4 55. Kg6 c5 56. h4 c4 57. h5 c3 58. h6 c2 59. h7 c1Q 60. h8Q Qg1+ 61. Kf7 1/2-1/2

[Event "CZE-chT1 East 0506"]
[Site "Czech Republic"]
[Date "2006.04.02"]
[Round "11.6"]
[White "Svub, Jan"]
[Black "Hladik, Oto"]
[Result "0-1"]
[WhiteElo "2126"]
[BlackElo "2223"]
[PlyCount "110"]
[EventDate "2005.10.23"]
[EventType "team"]
[EventRounds "11"]
[EventCountry "CZE"]
[SourceTitle "EXT 2008"]
[Source "ChessBase"]
[SourceDate "2007.11.25"]
[SourceVersion "1"]
[SourceVersionDate "2007.11.25"]
[SourceQuality "1"]

1. d4 Nf6 2. Nf3 g6 3. c4 Bg7 4. g3 0-0 5. Bg2 d6 6. 0-0 Nc6 7. Nc3 a6 8. d5 Na5 9. Qd3 c5 10. h3 Rb8 11. e4 Nd7 12. Bf4 b5 13. cxb5 axb5 14. Rfe1 Nc4 15. Rab1 Qa5 16. Rec1 b4 17. Nd1 Nde5 18. Nxe5 Nxe5 19. Qc2 Ba6 20. Bxe5 Bxe5 21. Bf1 Bxf1 22. Kxf1 Ra8 23. Ra1 Qb5+ 24. Kg2 Ra7 25. Ne3 Rfa8 26. Nc4 Rxa2 27. Rxa2 Rxa2 28. Nxe5 dxe5 29. Qxc5 Qxc5 30. Rxc5 Rxb2 31. Rc8+ Kg7 32. Rb8 f5 33. exf5 gxf5 34. Rb7 Kf6 35. Rb6+ Kf7 36. Rb7 Ke8 37. Kf1 e4 38. Kg1 Rb1+ 39. Kg2 h5 40. h4 b3 41. Kh2 b2 42. Kg2 Kd8 43. Kh2 Kc8 44. Rb3 Kc7 45. Kg2 Kd6 46. Rb5 Ke5 47. Kh2 Kd4 48. Kg2 Kc4 49. Rb8 Kxd5 50. Kh2 Kd4 51. Kg2 Kd3 52. Rb7 e5 53. Rb5 f4 54. Rb6 f3+ 55. Kh2 Ke2 0-1

[Event "CZE-chT1 East 0506"]
[Site "Czech Republic"]
[Date "2006.03.05"]
[Round "9.6"]
[White "Svub, Jan"]
[Black "Walowy, Bohumir"]
[Result "0-1"]
[WhiteElo "2126"]
[BlackElo "2114"]
[PlyCount "120"]
[EventDate "2005.10.23"]
[EventType "team"]
[EventRounds "11"]
[EventCountry "CZE"]
[SourceTitle "EXT 2008"]
[Source "ChessBase"]
[SourceDate "2007.11.25"]
[SourceVersion "1"]
[SourceVersionDate "2007.11.25"]
[SourceQuality "1"]

1. d4 d5 2. c4 dxc4 3. e3 Nf6 4. Bxc4 e6 5. Nf3 a6 6. a4 b6 7. 0-0 Bb7 8. Qe2 c5 9. Rd1 Qc7 10. Nc3 Be7 11. e4 cxd4 12. Nxd4 0-0 13. Bg5 Nc6 14. Nf3 Ng4 15. Bxe7 Qxe7 16. h3 Nge5 17. Nxe5 Nxe5 18. Bd3 Rfd8 19. f4 Nxd3 20. Rxd3 Rxd3 21. Qxd3 Rd8 22. Qe2 Qc5+ 23. Kh1 h6 24. Rf1 Rd4 25. f5 Qc4 26. Qf2 exf5 27. exf5 Rd3 28. Kg1 Qd4 29. Re1 Kf8 30. Qxd4 Rxd4 31. Rd1 Rxd1+ 32. Nxd1 Ke7 33. Kf2 Kd6 34. g4 Kc5 35. Ke3 Kb4 36. h4 Kxa4 37. Kd4 Kb3 38. g5 hxg5 39. hxg5 b5 40. Kc5 Bf3 41. Ne3 Kxb2 42. Kd6 Kc3 43. Ke7 Bh5 44. Kf8 Kd4 45. Nf1 b4 46. Kxg7 b3 47. Kh6 Bg4 48. Nd2 b2 49. g6 fxg6 50. fxg6 Be6 51. g7 Kd3 52. Nb1 Kc2 53. Na3+ Kc1 54. Kh7 b1Q+ 55. Nxb1 Kxb1 56. g8Q Bxg8+ 57. Kxg8 a5 58. Kf7 a4 59. Ke6 a3 60. Kd5 a2 0-1